000 00986cab a2200277 4500
001 ABS56015
008 090401t1996 xxu||||| |||| 00| 0 eng d
035 _a(Sirsi) u20437
041 _aeng
100 _aMason, S.
245 _aPhotogrammetric reconstruction of buildings for 3D city models
260 _c1996
350 _a0
490 _aSouth African Journal of Surveying and Mapping
_v23(5) August 1996, 249-262(14)
520 _aLooks at the feasibility of creating computer generated three-dimensional models of a city. Reports on a pilot study carried out on Lugano, Switzerland.
650 _aLUGANO TOWN CENTRE
650 _aTEXTURAL MODELLING
650 _aTHREE-DIMENSIONAL COMPUTER MODELLING
650 _aTHREE-DIMENSIONAL MODELLING
650 _aVIRTUAL REALITY
690 _aBUILT ENVIRONMENT-CONSTRUCTION DESIGN
690 _aMANAGEMENT-BUSINESS MANAGEMENT-INFORMATION MANAGEMENT
700 _aStreilein, A.
942 _n0
948 _c04/03/1997
999 _c13693
_d13693